Learning vocabulary in another language / (رقم التسجيلة. 40008)

تفاصيل مارك
000 -الفاتح
حقل البيانات ثابتة الطول 01858cam a22003378i 4500
001 - رقم الضبط
رقم الضبط 17774486
003 - محدد رقم الضبط
رقم الضبط OSt
005 - وقت وتاريخ اخر تعامل مع التسجيلة
رقم الضبط 20161217124646.0
008 - عناصر البيانات ثابتة الطول - معلومات عامة
حقل البيانات ثابتة الطول 130612s2013 nyu 000 0 eng
010 ## - رقم ضبط مكتبة الكونجرس
رقم ضبط مكتبة الكونجرس 2013021172
020 ## - الرقم الدولى المعيارى للكتب
الرقم الدولى المعيارى للكتاب 9781107045477 (hardback)
020 ## - الرقم الدولى المعيارى للكتب
الرقم الدولى المعيارى للكتاب 9781107623026 (pb)
040 ## - مصدر الفهرسة
وكالة الفهرسة الأصلية DLC
لغة الفهرسة eng
وكالة النسخ DLC
قواعد الوصف rda
042 ## - رمز التحقق
رمز التحقق pcc
050 00 - رقم طلب مكتبة الكونجرس
رقم التصنيف P53.9
رقم المادة .N29 2013
082 00 - رقم تصنيف ديوى العشرى
رقم التصنيف 418.0071
رقم الطبعة 23
رقم المادة NIL
100 1# - المدخل الرئيسى - إسم شخصى
الإسم الشخصى Nation, I. S. P.
9 (RLIN) 35534
245 10 - بيان العنوان
العنوان Learning vocabulary in another language /
بيان المسئوليه,etc I. S. P. Nation.
250 ## - بيان الطبعة
بيان الطبعة Second Edition.
263 ## - تاريخ النشر المتوقع
تاريخ النشر المتوقع 1310
300 ## - الوصف المادى
التعداد pages cm.
490 0# - بيان السلسلة
عنوان السلسلة Cambridge applied linguistics
520 ## - التبصرة الخاصة بالتعليق أو التلخيص
ملخص,الخ "An updated edition of the key reference work in the area of second and foreign language vocabulary studies. This book provides a detailed survey of research and theory on the teaching and learning of vocabulary with the aim of providing pedagogical suggestions for both teachers and learners. It contains descriptions of numerous vocabulary learning strategies which are justified and supported by reference to experimental research, case studies, and teaching experience. It also describes what vocabulary learners need to know to be effective language users. This title shows that by taking a systematic approach to vocabulary learning, teachers can make the best use of class time and help learners get the best return for their learning effort"--
650 #0 - المدخل الاضافى بالموضوع-مصطلح موضوعى
مصطلح موضوعي أو اسم جغرافي كعنصر مدخل Vocabulary
التقسيم الفرعي العام Study and teaching.
9 (RLIN) 57292
650 #0 - المدخل الاضافى بالموضوع-مصطلح موضوعى
مصطلح موضوعي أو اسم جغرافي كعنصر مدخل Language and languages
التقسيم الفرعي العام Study and teaching.
9 (RLIN) 57293
650 #7 - المدخل الاضافى بالموضوع-مصطلح موضوعى
مصطلح موضوعي أو اسم جغرافي كعنصر مدخل FOREIGN LANGUAGE STUDY / English as a Second Language.
مصدر الرأس أو المصطلح bisacsh
9 (RLIN) 35571
856 42 - الوصول و الموقع الالكترونى
مواد محددة Cover image
معرف المصدر الموحد <a href="http://assets.cambridge.org/97811070/45477/cover/9781107045477.jpg">http://assets.cambridge.org/97811070/45477/cover/9781107045477.jpg</a>
906 ## - عنصر بيانات محلى F, LDF (RLIN)
a 7
b cbc
c orignew
d 1
e ecip
f 20
g y-gencatlg
942 ## - عناصر المدخل الإضافي( كوها)
مصدر التصنيف او مخطط الترفيف Dewey Decimal Classification
Koha [default] item type كتاب
المقتنيات
حالة الفقد نموذج السعر الفعال حالة تلف ليس للاعارة رقم الطلب تاريخ الاكتساب الموقع الحالي الباركود الفرع الرئيسي Date last seen نوع المادة فى نظام كوها مصدر التصنيف او خطة الترفيف Total Checkouts
  2016-12-19     418.0071 NIL 2016-12-19 المكتبة المركزية بالمجمعة (CL) 00655717 المكتبة المركزية بالمجمعة (CL) 2016-12-19 كتاب Dewey Decimal Classification  
  2016-12-19     418.0071 NIL 2016-12-19 المكتبة المركزية بالمجمعة (CL) 00655719 المكتبة المركزية بالمجمعة (CL) 2016-12-19 كتاب Dewey Decimal Classification  
  2016-12-17     418.0071 NIL 2016-12-17 مكتبة كلية التمريض - طلاب (CNM) 00655619 مكتبة كلية التمريض - طلاب (CNM) 2016-12-17 كتاب Dewey Decimal Classification  
  2016-12-17     418.0071 NIL 2016-12-17 مكتبة كلية التمريض - طلاب (CNM) 00655620 مكتبة كلية التمريض - طلاب (CNM) 2016-12-17 كتاب Dewey Decimal Classification  
  2016-12-19     418.0071 NIL 2016-12-19 مكتبة كلية العلوم و الدراسات الإنسانية برماح - طالبات (SRF) 00655718 مكتبة كلية العلوم و الدراسات الإنسانية برماح - طالبات (SRF) 2016-12-19 كتاب Dewey Decimal Classification